000 01386cam a22003617a 4500
005 20260322212043.0
008 data
010 _a 2010279366
020 _a9780756643096
020 _a0756643090
040 _aIEB
_cIEB
_dDLC
_dIK2
_dIEB
_dWIM
_dEYP
_dORX
_dVP@
_dQBX
_dBTCTA
_dBAKER
_dDLC
042 _alccopycat
050 0 0 _aBL312
_b.W555 2009
082 0 4 _a398.2
_222
092 _a398.2 W555 2009
100 1 _aWilkinson, Philip,
_d1955-
245 1 0 _aMyths & legends /
_cPhilip Wilkinson.
246 3 _aMyths and legends
260 _aNew York :
_bDK Pub.,
_cc2009.
300 _a352 p. :
_bill. (chiefly col.) ;
_c25 cm.
500 _aIncludes index.
520 _aPresents a guide to myths and ancient legends from the cultures of Europe, Asia, Africa, the Americas, and Oceania, including creation tales and stories of heroes, gods, mythical beings, and magical animals.
650 0 _aMythology.
650 0 _aLegends.
650 0 _aLegends
_vPictorial works.
650 0 _aMythology
_vPictorial works.
650 7 _aMythology.
_2sears
650 7 _aLegends.
_2sears
906 _a7
_bcbc
_ccopycat
_d2
_encip
_f20
_gy-gencatlg
925 0 _aacquire
_b2 shelf copies
_xpolicy default
_z**SEND COPY 3 to S.MACIOROSKI for YOUNG READER'S CENTER
955 _trh18 2010-09-08 copy 2 added
001 data
999 _c1014
_d1014